| 000 | 00738nam a2200229 a 4500 | ||
|---|---|---|---|
| 003 | BD-JhCC | ||
| 005 | 20230615090307.0 | ||
| 008 | 230614b2023 b ||||| |||| 00| 0 eng d | ||
| 020 | _a9789847769691 | ||
| 035 | _a(BD-JhCC) | ||
| 040 |
_aBD-JhCC _dBD-JhCC |
||
| 041 | _aBengali | ||
| 082 |
_bKAM 2023 _a891.4435 |
||
| 100 | _a দিপা, কামরুন্নাহার | ||
| 245 |
_aভাতের কেচ্ছা / _cকামরুন্নাহার দিপা |
||
| 260 |
_aঢাকা: _bঐতিহ্য _c2023 |
||
| 300 |
_a৯৪ পৃ. : _c২১ সেমি. |
||
| 600 | _aকামরুন্নাহার দিপা / | ||
| 650 | _aBengali Short story | ||
| 650 | _aGhost | ||
| 942 |
_2ddc _cBK |
||
| 999 |
_c13049 _d13049 |
||